000 00642cam a22002293a 4500
001 30701
003 PGUSA
005 20140828083650.0
008 091217s2009||||xxu|||||s|||||000 | eng d
040 _aPGUSA
_beng
042 _adc
050 4 _aQH
100 1 _aMorgan, Thomas Hunt,
_d1866-1945
245 1 2 _aA Critique of the Theory of Evolution
_h[electronic resource] /
_cThomas Hunt Morgan
260 _bProject Gutenberg,
_c2009
506 _aPublic domain in the USA.
516 _aElectronic text
653 _aEvolution
830 0 _aProject Gutenberg
_v30701
856 4 0 _uhttp://www.gutenberg.org/ebooks/30701
942 _cEB
999 _c259956
_d259956